000 00557cam a2200217ua 4500
001 12034
005 20260515114829.0
008 200208n ii |||gr||||Z||||||asm
020 _a9789382976486
040 _cMAIN
041 _aasm
082 _a320.954
100 _aDiganta Hatibaruah,
_eAuthor.
245 _aBharatar rajnaitik prakriya
_cBy Diganta Hatibaruah
250 _a1st ed.
260 _aGolaghat:
_bSaraswati prakashan,
_c2020.
300 _a296p.
653 _aPolitical science
653 _aPolitical process in India
942 _cBK
999 _c10806
_d10806